German Formula One Winners - Statistics

General Stats
  • This quiz has been taken 522 times
  • The average score is 5 of 7
Answer Stats
First win (year) Driver % Correct
1992 Michael Schumacher
98%
2001 Ralf Schumacher
96%
2008 Sebastian Vettel
90%
2012 Nico Rosberg
84%
1997 Heinz-Harald Frentzen
73%
1961 Wolfgang von Trips
62%
1975 Jochen Mass
45%
No matching quizzes found
Score Distribution
Percent of People with Each Score
Percentile by Number Answered
Your Score History
You have not taken this quiz